02061nam a2200361Ia 450000500170000000800410001702000150005808200190007310000440009224501050013625000190024130000430026049000420030350000840034565000570042965000620048665100420054870000460059070000460063694200120068226400320069433600270072633700330075333800280078604000350081499900150084995201310086495201350099595201310113095201780126195201260143995201340156520220317000747.0160601s2004 ck a g 000 0 spa  a958822794104a986.102 bM25h1 aMéndez Bernal, Rafael Mauriciod1959-10aHistorias mínimas cRafael Mauricio Méndez ; editores Alberto Ramírez Santos, Leonardo Archila a1a. edición  a169 páginas bilustraciones c25 cm  aCrónicas de la historia de Colombia aSubtítulo en la carátula: Eventos que escandalizaron a la sociedad colonial142LEMBaCorrupción política y1550-1810zColombia 142LEMB aCorrupción administrativa y1550-1810zColombia  aColombia xHistoria ySiglo XX910088 aRamírez Santos, Alberto eeditor 92976 aArchila Ruiz, Leonardo A.eeditor 954134 2ddccBK aBogotá bIntermedioc2004 atextobtxt2rdacontent asin mediaciónbn2rdamedia avolumenbnc2rdacarrier aCO-BoRNBPbspaerdacCO-BoRNBP c4976d4976 00102ddc40708GENaMEPRICObMEPRICOcGENd2023-04-11l0o986.102M25hpPR00000918r2023-04-11 00:00:00tEj.1w2023-04-11yBK 00102ddc40708GENaMEMAPIRIbMEMAPIRIcGENd2024-01-11l0o986.102 M25hpMAP00001704r2024-01-11 15:00:13tEj.1w2024-01-11yBK 00102ddc40708GENaMEURIBEbMEURIBEcGENd2024-09-25l0o986.102 M25h pURI01355r2024-09-25 14:33:32tEj.1w2024-09-25yBK 00102ddc40708GENaMEMACYARIbMEMACYARIcGENd2025-06-06eministerio de culturaf958'8051'25'8l0o986.102 M25hp958'8051'25'8r2025-07-03 10:49:53tEj.1w2025-07-03yBK 00102ddc4070aMEMACAREbMEMACAREcREFd2026-02-18l0oR 986.1 H37pLM03349r2026-02-18 19:49:00tEj.5w2026-02-18yBK 00102lcc40708GENaMEPCONCObMEPCONCOcGENd2026-03-11l0o986.102 M25hpPCON02608r2026-03-11 22:00:02tEj.1w2026-03-11yBK